=LDR 00000nam 2200000 4500 =001 INLIS000000000041257 =005 20201217113830 =035 ##$$a 0010-061300000041257 =008 201217################g##########0#ind## =041 ##$$a ind =090 ##$$a 331.712, Lev p.1 =100 ##$$a Levoy, Robert P =245 1#$$a Praktek profesional yang sukses /$c Robert P. Levoy =260 ##$$a Jakarta :$b Rajawali press,$c 1986 =300 ##$$a xviii, 298 hlm ; $c 21x14 cm =850 ##$$a NBPNMAT =020 ##$$a 979-421-022-6 =082 ##$$a 331 712 =084 ##$$a 331 712 LEV p =250 ##$$a cet.1 =650 #4$$a Profesional =990 ##$$a 00086312 =990 ##$$a 1199100205